000 00407nam a2200157Ia 4500
008 240729s9999 xx 000 0 und d
022 _a2784-1057
245 0 _aAnnals of West University of Timisoara: Physics
260 _aPoland
260 _bSciendo
650 _a Physics
650 _aScience
856 _uhttps://doaj.org/toc/2bb4929aab8b4b38929e45f6d15d002f
942 _2ddc
942 _cDOAJEJ
999 _c73292
_d73292
945 _a1
_bMadushi Gamage
_c1
_dMadushi Gamage